000 00634nam a2200181Ia 4500
008 100920s9999 xx 000 0 und d
082 _b101725
_a891.43 न 08
100 _aराय राजेंद्र चंद्रकांत.
245 _aबेगम बिन बादशाह.
260 _bपरमेश्वरीी प्रका. दिल्ली.
_c2008
300 _a92
_bसाधी
365 _b90
520 _aहिंदी.
630 _aबेगम बिन बादशाह.
650 _aहिंदी.
730 _aबेगम बिन बादशाह.
942 _cBOOK
999 _c742158
_d742155